| 000 | 01378nam a2200313 c 4500 | ||
|---|---|---|---|
| 003 | BLK | ||
| 005 | 20180422113258.0 | ||
| 008 | 180410b bul|||||r ||||||| ||bul|| | ||
| 010 | _aKNG00160780000 | ||
| 040 | _aBLK | ||
| 041 |
_aBUL _cBUL |
||
| 080 |
_aБългарска литература _b821.163.2 _x-192 _z821.163.2-192 |
||
| 080 |
_aНародни песни _b398.8 _x(497.2) _z398.8(497.2) |
||
| 700 | 1 |
_aОсинин, Димитър _eотбор и ред. на _gПопов, Димитър Николов _9104981 |
|
| 700 | 1 |
_aБурин, Иван _eотбор и ред. на _gАлексиев, Иван Трифонов _9367848 |
|
| 139 |
_aГоро ле, майко хайдушка _bГ 69 |
||
| 245 | 1 | 0 |
_aГоро ле, майко хайдушка _bНар. песен _cотбор и ред. на Димитър Осинин; отбор и ред. на Иван Бурин. |
| 257 | _aBGR | ||
| 260 |
_аСофия _bБълг. писател _c1953 _fСофия : Стопанско развитие |
||
| 300 |
_a302 с. _c21 см |
||
| 380 | _aX | ||
| 500 | _a2 100 тир. | ||
| 650 | 4 |
_aНародни песни - България _9292142 |
|
| 852 | _aЦб 1442 | ||
| 856 | 4 |
_qpdf _u |
|
| 856 | 4 |
_qpdf _u |
|
| 942 |
_cKNG _n0 |
||
| 944 |
_aCR _c16.05.2014 _l16.05.2014 - от С1,Р / 16.05.2014 _kСимона_Петрова |
||
| 944 |
_aED _c16.05.2014 _l16.05.2014 - от С1,Р / 16.05.2014 _k |
||
| 999 |
_c154211 _d154211 |
||